| 000 | 00352nam a22001457a 4500 | ||
|---|---|---|---|
| 008 | 210528b ||||| |||| 00| 0 eng d | ||
| 020 | _a0815177321 | ||
| 041 | _aeng | ||
| 080 | _a616-053.2 | ||
| 082 | _a616-053.2 | ||
| 100 | _a8 | ||
| 101 | _aPED | ||
| 245 |
_aPrinciples and Practice of Clinical Pediatrics _cEdward B. Charney |
||
| 942 |
_2udc _cBK |
||
| 999 |
_c57770 _d57770 |
||